|
|
|
|
| LEADER |
01087cam a2200253 7i4500 |
| 001 |
0000066455 |
| 005 |
20220218090000.0 |
| 020 |
|
|
|a 9780429284229 (electronic book)
|
| 020 |
|
|
|a 9781771888158 (hardcover)
|
| 090 |
0 |
0 |
|a S928
|b .S87 2020
|
| 245 |
0 |
0 |
|a Sustainable bioresource management :
|b climate change mitigation and natural resource conservation
|c edited by Ratikanta Maiti [and four others].
|
| 264 |
|
|
|a Burlington ON ; Palm Bay, Florida:
|b Apple Academic Press,
|c 2020.
|
| 300 |
|
|
|a 1 online resource (xx, 506 pages):
|b illustrations, text file, PDF.
|
| 336 |
|
|
|a text
|2 rdacontent
|
| 337 |
|
|
|a computer
|2 rdamedia
|
| 338 |
|
|
|a online resource
|2 rdacarrier
|
| 650 |
0 |
0 |
|a Conservation of natural resources
|
| 650 |
0 |
0 |
|a Natural resources
|
| 655 |
0 |
0 |
|a Electronic books
|
| 700 |
1 |
|
|a Maiti, R. K
|
| 856 |
4 |
2 |
|u http://library.unisel.edu.my/web/guest/mylibrary
|
| 997 |
|
|
|a Engineering & Life Sciences, Faculty
|b Science & Biotechnology, Department
|
| 998 |
|
|
|a Environmental Science (Biodiversity & Conservation), Degree
|
| 999 |
|
|
|a EBO0011157
|b EBOOK
|c EBOOK
|e Electronic resources
|